00522nam a22002057a 450000500170000001000130001702000100003003500130004003700160005304000120006908200190008110000150010024500520011526000360016727000580020330000200026165000130028165000190029470000030031320170124105955.0 aA-001266 c16.00 aA-001266 bCen Lib/Ret aDPLbEN a338.60954bAHU aAhuja,B.N. aSmall scale industries in India /cby B.N.Ahuja aNew DelhibVarma brothersc1977 aA/178,Dayanand colony Lajpat nagarbNew Delhie110024 a256p. c19m(Hb) aCommerce aSmall business